Dyslexia and other learning difficulties / (Record no. 22637)
[ view plain ]
| 000 -LEADER | |
|---|---|
| fixed length control field | 01255cam a22003015a 4500 |
| 001 - CONTROL NUMBER | |
| control field | 17314487 |
| 005 - DATE AND TIME OF LATEST TRANSACTION | |
| control field | 20161017114444.0 |
| 008 - FIXED-LENGTH DATA ELEMENTS--GENERAL INFORMATION | |
| fixed length control field | 120523s2012 enka fr 001 0 eng d |
| 010 ## - LIBRARY OF CONGRESS CONTROL NUMBER | |
| LC control number | 2012940378 |
| 020 ## - INTERNATIONAL STANDARD BOOK NUMBER | |
| International Standard Book Number | 9780199691777 (pbk.) |
| 020 ## - INTERNATIONAL STANDARD BOOK NUMBER | |
| International Standard Book Number | 0199691770 (pbk.) |
| 040 ## - CATALOGING SOURCE | |
| Original cataloging agency | DLC |
| Language of cataloging | eng |
| Transcribing agency | DLC |
| Modifying agency | EG-ScBUE |
| 042 ## - AUTHENTICATION CODE | |
| Authentication code | pcc |
| 082 04 - DEWEY DECIMAL CLASSIFICATION NUMBER | |
| Edition number | 22 |
| Classification number | 618.9285889 |
| Item number | SEL |
| 100 1# - MAIN ENTRY--PERSONAL NAME | |
| Personal name | Selikowitz, Mark. |
| 9 (RLIN) | 41547 |
| 245 10 - TITLE STATEMENT | |
| Title | Dyslexia and other learning difficulties / |
| Statement of responsibility, etc | Mark Selikowitz, consultant developmental paediatrician, Sydney, Australia. |
| 250 ## - EDITION STATEMENT | |
| Edition statement | 3rd ed. |
| 260 ## - PUBLICATION, DISTRIBUTION, ETC. (IMPRINT) | |
| Place of publication, distribution, etc | Oxford : |
| Name of publisher, distributor, etc | Oxford University Press, |
| Date of publication, distribution, etc | 2012. |
| 300 ## - PHYSICAL DESCRIPTION | |
| Extent | x, 134 p. : |
| Other physical details | ill. ; |
| Dimensions | 20 cm. |
| 490 0# - Series Statement | |
| Series statement | The facts |
| 500 ## - GENERAL NOTE | |
| General note | Index : p.123-134. |
| 520 ## - SUMMARY, ETC. | |
| Summary, etc | Dyslexia and other learning difficulties offers a clear and sympathetic guide to the difficulties that parents and teachers need to surmount when faced with a child with learning difficulties. This encouraging approach and easy-to-read style will appeal to parents as well as to professionals who work with such children. |
| 650 #7 - SUBJECT ADDED ENTRY--TOPICAL TERM | |
| Topical term or geographic name as entry element | Learning disabilities. |
| Source of heading or term | BUEsh |
| 9 (RLIN) | 41548 |
| 650 #7 - SUBJECT ADDED ENTRY--TOPICAL TERM | |
| Topical term or geographic name as entry element | Dyslexia. |
| Source of heading or term | BUEsh |
| 9 (RLIN) | 41549 |
| 651 ## - SUBJECT ADDED ENTRY--GEOGRAPHIC NAME | |
| Source of heading or term | BUEsh |
| 653 ## - INDEX TERM--UNCONTROLLED | |
| Resource For college | Humanities: English |
| Arrived date list | October2016 |
| 942 ## - ADDED ENTRY ELEMENTS (KOHA) | |
| Source of classification or shelving scheme | Dewey Decimal Classification |
| Edition | 22 |
| Call number prefix | 618.9285889 SEL |
| Withdrawn status | Item status | Source of classification or shelving scheme | Damaged status | Not for loan | Vendor | Home library | Current library | Shelving location | Date acquired | Source of acquisition | Cost, normal purchase price | Serial Enumeration / chronology | Total Checkouts | Full call number | Barcode | Date last seen | Cost, replacement price | Koha item type |
|---|---|---|---|---|---|---|---|---|---|---|---|---|---|---|---|---|---|---|
| Dewey Decimal Classification | Baccah | Central Library | Central Library | First floor | 17/10/2016 | Purchase | 208.00 | 26103 | 618.9285889 SEL | 000033437 | 15/07/2025 | 260.00 | Book - Borrowing |